Simon and Schuster's Guide to rocks and minerals / (Record no. 1686)
[ view plain ]
| 000 -LEADER | |
|---|---|
| fixed length control field | 01014nac a22002891u 4500 |
| 010 ## - | |
| -- | 78008610 |
| 020 ## - INTERNATIONAL STANDARD BOOK NUMBER | |
| International Standard Book Number | 0671243969. |
| -- | 0671244175 |
| 082 00 - DEWEY DECIMAL CLASSIFICATION NUMBER | |
| Classification number | 552.075 |
| Item number | P9579 |
| 090 ## - LOCALLY ASSIGNED LC-TYPE CALL NUMBER (OCLC); LOCAL CALL NUMBER (OCLC) | |
| -- | 1686 |
| -- | 1686 |
| 100 ## - MAIN ENTRY--PERSONAL NAME | |
| Personal name | 20080729 |
| 245 00 - TITLE STATEMENT | |
| Title | Simon and Schuster's Guide to rocks and minerals / |
| Statement of responsibility, etc | edited by Martin Prinz, George Harlow, and Joseph Peters. |
| 260 ## - | |
| -- | New York : |
| -- | Simon and Schuster, |
| -- | [1978] |
| 300 ## - PHYSICAL DESCRIPTION | |
| Extent | 607 p. : |
| Other physical details | ill. ; |
| Dimensions | 19 cm. |
| 336 ## - CONTENT TYPE | |
| Source | rdacontent |
| Content type term | text |
| Content type code | txt |
| 337 ## - MEDIA TYPE | |
| Media type term | unmediated |
| Source | rdamedia |
| Media type code | n |
| 338 ## - CARRIER TYPE | |
| Carrier type term | volume |
| Carrier type code | nc |
| Source | rdacarrier |
| 490 0# - SERIES STATEMENT | |
| Series statement | A Fireside book |
| 500 ## - GENERAL NOTE | |
| General note | Translation of Minerali e rocce, by A. Mottana, R. Crespi, and G. Liborio. |
| 500 ## - GENERAL NOTE | |
| General note | Includes index. |
| 650 #0 - SUBJECT ADDED ENTRY--TOPICAL TERM | |
| Topical term or geographic name as entry element | Rocks |
| General subdivision | Collection and preservation. |
| 650 #0 - SUBJECT ADDED ENTRY--TOPICAL TERM | |
| Topical term or geographic name as entry element | Minerals |
| General subdivision | Collection and preservation. |
| 700 1# - ADDED ENTRY--PERSONAL NAME | |
| Personal name | Prinz, Martin. |
| 700 1# - ADDED ENTRY--PERSONAL NAME | |
| Personal name | Harlow, George E. |
| 700 1# - ADDED ENTRY--PERSONAL NAME | |
| Personal name | Peters, Joseph, |
| Dates associated with a name | 1951- |
| 700 1# - ADDED ENTRY--PERSONAL NAME | |
| Personal name | Mottana, Annibale. |
| 942 ## - ADDED ENTRY ELEMENTS (KOHA) | |
| Koha item type | Book - Borrowing |
| Call number prefix | 552.075P9579 |
| Classification part | RDA-MOD |
| Withdrawn status | Lost status | Damaged status | Not for loan | Home library | Current library | Shelving location | Date acquired | Source of acquisition | Total Checkouts | Total Renewals | Full call number | Barcode | Date last seen | Date checked out | Price effective from | Koha item type |
|---|---|---|---|---|---|---|---|---|---|---|---|---|---|---|---|---|
| Central Library | Central Library | First floor | 06/12/2005 | Purchase | 3 | 3 | 552.075 SIM | 000002655 | 21/01/2026 | 07/03/2016 | 05/12/2006 | Book - Borrowing |